[Event "TUR-chT Superleague 2018"]
[Site "Ankara"]
[Date "2018.07.29"]
[Round "6"]
[White "Gulbeyaz, Emir"]
[Black "Uzumcu, Ahmet Utku"]
[Result "1-0"]
[WhiteElo "2074"]
[BlackElo "2261"]
[Annotator "NA"]
[PlyCount "127"]
[EventDate "2018.07.25"]
[EventType "team-tourn"]
[EventCountry "TUR"]
[SourceTitle "playchess.com"]
[Source "ChessBase"]
[SourceQuality "1"]
[TimeControl "40/5400+30:1800+30"]

1. e4 c5 2. b3 g6 3. Bb2 Nf6 4. e5 Nd5 5. Qf3 Nb4 6. Na3 Bg7 7. h4 N8c6 8. e6 f6 9. exd7+ Qxd7 10. h5 Qg4 11. O-O-O Qxf3 12. Nxf3 Bg4 13. h6 Bf8 14. Re1 e5 15. Rh4 Bf5 16. g4 g5 17. Rh3 Bxg4 18. Rg3 Bd7 19. c3 Nd5 20. Bc4 Nf4 21. d4 cxd4 22. cxd4 O-O-O 23. dxe5 g4 24. e6 gxf3 25. exd7+ Rxd7 26. Re8+ Rd8 27. Rxd8+ Nxd8 28. Rg7 Nfe6 29. Rf7 Bxh6+ 30. Kc2 Rf8 31. Rxh7 Bf4 32. Nb5 Kb8 33. Ba3 Re8 34. Nd6 Bxd6 35. Bxd6+ Kc8 36. Re7 Rxe7 37. Bxe7 f5 38. Kd3 Kd7 39. Bf6 Nf7 40. Ke3 Nfg5 41. Be5 Ne4 42. Bd5 N4c5 {[%emt 2:03:24]} 43. Bxf3 {[%emt 1:38:30]} a5 {[%emt 0:00:30]} 44. Bd1 {[%emt 0:00:30]} Kc6 {[%emt 0:00:30]} 45. f4 {[%emt 0:00:30]} Kd5 {[%emt 0:00:30]} 46. Be2 {[%emt 0:01:30]} Kc6 {[%emt 0:03:57]} 47. Bh5 {[%emt 0:00:30]} a4 {[%emt 0:02:08]} 48. b4 {[%emt 0:02:30]} Na6 {[%emt 0:03:23]} 49. Be8+ {[%emt 0:00:30]} Kd5 {[%emt 0:01:13]} 50. Bxa4 {[%emt 0:00:30]} Nd8 {[%emt 0:01:16]} 51. Bb3+ {[%emt 0:00:30]} Kc6 {[%emt 0:00:00]} 52. a3 {[%emt 0:00:30]} Kd7 {[%emt 0:00:41]} 53. Bf6 {[%emt 0:02:30]} Nc7 {[%emt 0:00:27]} 54. Bxd8 {[%emt 0:01:30]} Kxd8 {[%emt 0:00:01]} 55. Bc4 {[%emt 0:00:30]} Ke7 {[%emt 0:00:36]} 56. Kd4 {[%emt 0:01:30]} Kd6 {[%emt 0:00:30]} 57. a4 {[%emt 0:00:30]} Ne8 {[%emt 0:00:21]} 58. a5 {[%emt 0:00:30]} Nf6 {[%emt 0:00:48]} 59. b5 {[%emt 0:02:30]} Nh5 {[%emt 0:00:43]} 60. Bd5 {[%emt 0:03:30]} Nxf4 {[%emt 0:02:06]} 61. Bxb7 {[%emt 0:00:30]} Ne6+ {[%emt 0:01:23]} 62. Kc4 {[%emt 0:00:00]} Nc5 {[%emt 0:00:00]} 63. Bg2 {[%emt 0:01:00]} Nd7 {[%emt 0:00:24]} 64. b6 {[%emt 0:00:30]} 1-0

[Event "TUR-chT Superleague 2018"]
[Site "Ankara"]
[Date "2018.07.29"]
[Round "6"]
[White "Unat, Can Haktan"]
[Black "Tasdogen, Dincer"]
[Result "1/2-1/2"]
[WhiteElo "2047"]
[BlackElo "2280"]
[Annotator "NA"]
[PlyCount "97"]
[EventDate "2018.07.25"]
[EventType "team-tourn"]
[EventCountry "TUR"]
[SourceTitle "playchess.com"]
[Source "ChessBase"]
[SourceQuality "1"]
[TimeControl "40/5400+30:1800+30"]

1. e4 c5 2. Nf3 g6 3. d4 cxd4 4. Nxd4 Bg7 5. c4 Nc6 6. Be3 Nf6 7. Nc3 {[%emt 0:00:00]} d6 {[%emt 0:14:00]} 8. Be2 {[%emt 0:00:00]} O-O {[%emt 0:00:30]} 9. O-O {[%emt 0:00:00]} Nxd4 {[%emt 0:00:30]} 10. Bxd4 {[%emt 0:00:00]} Bd7 {[%emt 0:00:30]} 11. Qd2 {[%emt 0:00:30]} Bc6 {[%emt 0:00:30]} 12. f3 {[%emt 0:00:30]} a5 {[%emt 0:00:30]} 13. b3 {[%emt 0:00:30]} Nd7 {[%emt 0:00:30]} 14. Be3 {[%emt 0:00:30]} Nc5 {[%emt 0:00:30]} 15. Rab1 {[%emt 0:00:30]} e6 {[%emt 0:00:30]} 16. Rfd1 {[%emt 0:00:30]} Be5 {[%emt 0:00:30]} 17. g3 {[%emt 0:00:30]} Qe7 {[%emt 0:00:30]} 18. Nb5 {[%emt 0:00:30]} Rfd8 {[%emt 0:00:30]} 19. Nd4 {[%emt 0:00:30]} f5 {[%emt 0:00:30]} 20. Nxc6 {[%emt 0:07:30]} bxc6 {[%emt 0:00:30]} 21. Qc2 {[%emt 0:00:30]} fxe4 {[%emt 0:04:30]} 22. f4 {[%emt 0:00:00]} Bg7 {[%emt 0:05:30]} 23. Bxc5 {[%emt 0:00:00]} dxc5 {[%emt 0:00:30]} 24. Qxe4 {[%emt 0:00:30]} Bd4+ {[%emt 0:03:30]} 25. Kg2 {[%emt 0:00:00]} Rd6 {[%emt 0:01:30]} 26. Rd3 {[%emt 0:01:00]} Qf6 {[%emt 0:07:30]} 27. Rbd1 {[%emt 0:01:30]} Kg7 {[%emt 0:00:30]} 28. a3 {[%emt 0:03:30]} Rb8 {[%emt 0:02:30]} 29. Bf3 {[%emt 0:03:30]} Rb6 {[%emt 0:00:30]} 30. g4 {[%emt 0:02:30]} h6 {[%emt 0:04:30]} 31. h4 {[%emt 0:04:30]} Rb8 {[%emt 0:00:30]} 32. g5 {[%emt 0:07:30]} hxg5 {[%emt 0:05:30]} 33. hxg5 {[%emt 0:00:00]} Qf5 {[%emt 0:00:30]} 34. Re1 {[%emt 0:00:00]} Rf8 {[%emt 0:13:30]} 35. Qxf5 {[%emt 0:12:30]} Rxf5 {[%emt 0:00:30]} 36. Re4 {[%emt 0:00:30]} e5 {[%emt 0:02:30]} 37. Bg4 {[%emt 0:00:00]} Rxf4 {[%emt 0:02:30]} 38. Rxf4 {[%emt 0:00:00]} exf4 {[%emt 0:00:30]} 39. Kf3 {[%emt 0:00:30]} Rd8 {[%emt 0:02:30]} 40. Kxf4 {[%emt 0:00:00]} Be5+ {[%emt 0:04:30]} 41. Ke4 {[%emt 0:01:00]} Rxd3 {[%emt 0:00:30]} 42. Kxd3 {[%emt 0:00:30]} Bf4 {[%emt 0:00:30]} 43. Bd7 {[%emt 0:00:00]} Bxg5 {[%emt 0:00:30]} 44. Bxc6 {[%emt 0:00:00]} Bc1 {[%emt 0:00:00]} 45. a4 {[%emt 0:00:30]} Kf6 {[%emt 0:00:00]} 46. Ke4 {[%emt 0:00:30]} Kg5 {[%emt 0:00:00]} 47. Be8 {[%emt 0:00:30]} Ba3 {[%emt 0:00:00]} 48. Bf7 {[%emt 0:01:30]} Bb4 {[%emt 0:00:30]} 49. Be8 {[%emt 0:00:30]} 1/2-1/2

[Event "TUR-chT Superleague 2018"]
[Site "Ankara"]
[Date "2018.07.29"]
[Round "6"]
[White "Kitir, Ahmet"]
[Black "Zhigalko, Sergei"]
[Result "0-1"]
[WhiteElo "2020"]
[BlackElo "2616"]
[Annotator "TA"]
[PlyCount "40"]
[EventDate "2018.07.25"]
[EventType "team-tourn"]
[EventCountry "TUR"]
[SourceTitle "playchess.com"]
[Source "ChessBase"]
[SourceQuality "1"]

{[%evp 14,40,19,25,4,0,0,0,2,-4,0,-49,-53,-47,-47,-403,-404,-395,-393,-511,-506,-854,-849,-851,-827,-783,-662,-636,-538]} 1. e4 c5 2. Nf3 d6 3. d4 cxd4 4. Qxd4 a6 5. c4 Bg4 (5... Nc6 6. Qe3 Bg4 7. Nd4 g6 8. Nc3 Bg7 9. Nxc6 bxc6 10. h3 Be6 11. Be2 Nf6 12. O-O O-O 13. f4 Qa5 14. Bd2 {1-0 (50) Karjakin,S (2763)-Nepomniachtchi,I (2751) Moscow 2018}) 6. Be2 {B53: Sicilian: 2...d6: Lines with Qxd4} Nc6 7. Qd2 g6 8. b3 {LiveBook: 3 Games. The position is equal.} Bg7 9. Bb2 Bxb2 10. Qxb2 Nf6 11. O-O O-O 12. e5 $146 ({Predecessor:} 12. Nc3 Bxf3 13. Bxf3 Nd4 14. Be2 e5 15. Rfe1 Ne8 16. Rad1 {0-1 (44) Seifert,H (2330)-Wojtkiewicz,A (2495) Czestochowa 1992}) 12... Bxf3 13. exf6 Bxe2 14. fxe7 $2 {[%mdl 8192] [#]} (14. Qxe2 $15 e6 15. Qb2) 14... Qxe7 $19 15. Re1 Rfe8 16. a3 Qg5 {Black is clearly winning.} 17. h4 (17. Rxe2 $142 Rxe2 18. Qxe2 Qc1+ 19. Qf1) 17... Qg4 {[#] ( -> ...Bf3)} 18. Nd2 Qxh4 19. Qc3 Qd4 20. Rac1 Bd3 0-1

[Event "TUR-chT Superleague 2018"]
[Site "Ankara"]
[Date "2018.07.29"]
[Round "6"]
[White "Sade, Defne"]
[Black "Ozbek, Busra"]
[Result "0-1"]
[WhiteElo "1954"]
[BlackElo "1848"]
[Annotator "NA"]
[PlyCount "102"]
[EventDate "2018.07.25"]
[EventType "team-tourn"]
[EventCountry "TUR"]
[SourceTitle "playchess.com"]
[Source "ChessBase"]
[SourceQuality "1"]
[TimeControl "40/5400+30:1800+30"]

1. e4 c5 2. Nf3 d6 3. Bb5+ Bd7 4. Bxd7+ Nxd7 5. d4 cxd4 6. Qxd4 Ngf6 7. Nc3 e6 8. O-O Be7 9. Rd1 a6 10. Bg5 O-O 11. Rd2 Qc7 12. Rad1 Rac8 13. Qe3 Rfd8 14. Bf4 Nb6 15. Rd3 Nc4 16. Qc1 b5 17. a3 Qc5 18. Nd4 Bf8 19. Bg3 Ng4 20. Nb3 Qb6 21. h3 Nge5 22. Bxe5 Nxe5 23. Rg3 Rc7 24. Qg5 Rdc8 25. Rf1 Nc4 26. Nd1 b4 27. axb4 Qxb4 28. f4 a5 29. f5 a4 30. Nd4 e5 31. Ne2 Nd2 32. c3 Qc5+ 33. Ne3 Nxf1 34. Kxf1 Rb7 35. Ng4 g6 36. Nf6+ Kg7 37. Nh5+ Kh8 38. Qf6+ Kg8 39. Qh4 Rxb2 {[%emt 1:18:00]} 40. Nf6+ {[%emt 1:26:00]} Kg7 {[%emt 0:30:30]} 41. Nd4 {[%emt 0:36:45]} exd4 {[%emt 0:06:30]} 42. Qxh7+ {[%emt 0:10:11]} Kxf6 {[%emt 0:00:30]} 43. Rf3 {[%emt 0:00:21]} Rb1+ {[%emt 0:02:30]} 44. Kf2 {[%emt 0:01:06]} dxc3+ {[%emt 0:00:30]} 45. Kg3 {[%emt 0:00:15]} g5 {[%emt 0:03:30]} 46. Kg4 {[%emt 0:03:54]} Re1 {[%emt 0:01:50]} 47. Kh5 {[%emt 0:01:08]} Rxe4 {[%emt 0:02:41]} 48. g4 {[%emt 0:00:08]} Bg7 {[%emt 0:02:53]} 49. h4 {[%emt 0:00:08]} Rh8 {[%emt 0:00:50]} 50. hxg5+ {[%emt 0:00:08]} Ke7 {[%emt 0:00:52]} 51. f6+ {[%emt 0:00:10]} Bxf6 {[%emt 0:00:40]} 0-1

[Event "TUR-chT Superleague 2018"]
[Site "Ankara"]
[Date "2018.07.29"]
[Round "6"]
[White "Celik, Eda"]
[Black "Can, Isil"]
[Result "0-1"]
[WhiteElo "1864"]
[BlackElo "1862"]
[Annotator "NA"]
[PlyCount "137"]
[EventDate "2018.07.25"]
[EventType "team-tourn"]
[EventCountry "TUR"]
[SourceTitle "playchess.com"]
[Source "ChessBase"]
[SourceQuality "1"]
[TimeControl "40/5400+30:1800+30"]

1. Nf3 d5 2. g3 c5 3. Bg2 Nc6 4. d3 Nf6 5. O-O e6 6. Nbd2 Bd6 7. e4 O-O 8. Re1 Qc7 9. c3 {A08: Königsindisch im Anzug} (9. Qe2 Nd7 10. Nf1 dxe4 11. dxe4 b6 12. Ne3 Bb7 13. c3 Rfd8 14. b3 a6 15. Nc4 Be7 16. Bf4 e5 17. Bc1 {0-1 (49) Naroditsky,D (2619)-Sheng,J (2392) chess.com INT 2018}) 9... b6 10. Qe2 dxe4 11. dxe4 e5 12. Nf1 h6 13. Ne3 Ne7 14. Rd1 $146 ({Vorgänger:} 14. Nh4 Re8 15. b3 Bb7 16. Ng4 Nxg4 17. Qxg4 Kh7 18. Nf5 Nxf5 19. Qxf5+ {½-½ (19) Steffen,A (2162)-Mueller,D (2199) Germany 2004}) 14... Bb7 15. Nh4 Rad8 16. Ng4 Nxg4 17. Qxg4 Kh7 18. Qh5 Ng8 19. Be3 g6 20. Qe2 Be7 21. Rf1 Bxh4 22. gxh4 Qe7 23. h5 g5 24. Bh3 Nf6 25. Bf5+ Kh8 26. Qf3 Rg8 27. Rad1 g4 28. Qg2 Nxh5 29. Bxh6 Nf4 30. Bxf4 exf4 31. Rxd8 Qxd8 32. Bxg4 Qh4 33. f3 Bxe4 34. h3 f5 35. fxe4 fxg4 36. Rxf4 Qe1+ 37. Rf1 Qe3+ 38. Qf2 gxh3+ 39. Kh1 Qxe4+ 40. Qf3 Re8 41. Qxe4 Rxe4 {[%emt 1:42:00]} 42. Rf7 {[%emt 2:02:12]} Re2 {[%emt 0:05:30]} 43. Rxa7 {[%emt 0:00:11]} Rxb2 {[%emt 0:00:30]} 44. Rb7 {[%emt 0:08:22]} Rxa2 {[%emt 0:04:30]} 45. Rxb6 {[%emt 0:00:42]} Rc2 {[%emt 0:00:00]} 46. Rh6+ {[%emt 0:00:21]} Kg7 {[%emt 0:00:00]} 47. Rxh3 {[%emt 0:00:00]} Kf6 {[%emt 0:00:30]} 48. Kg1 {[%emt 0:03:17]} Ke5 {[%emt 0:00:00]} 49. Kf1 {[%emt 0:02:27]} Kd5 {[%emt 0:00:00]} 50. Ke1 {[%emt 0:04:45]} Kc4 {[%emt 0:01:30]} 51. Kd1 {[%emt 0:01:12]} Rxc3 {[%emt 0:00:30]} 52. Rh8 {[%emt 0:00:56]} Rg3 {[%emt 0:00:30]} 53. Rc8 {[%emt 0:00:57]} Kd3 {[%emt 0:00:30]} 54. Rd8+ {[%emt 0:00:05]} Kc3 {[%emt 0:00:30]} 55. Rc8 {[%emt 0:01:26]} c4 {[%emt 0:00:00]} 56. Ke2 {[%emt 0:00:28]} Rg4 {[%emt 0:00:00]} 57. Kd1 {[%emt 0:00:26]} Rg1+ {[%emt 0:05:30]} 58. Ke2 {[%emt 0:00:10]} Rc1 {[%emt 0:03:30]} 59. Rc7 {[%emt 0:00:57]} Kb2 {[%emt 0:01:30]} 60. Rb7+ {[%emt 0:00:31]} Kc2 {[%emt 0:00:30]} 61. Rc7 {[%emt 0:00:26]} c3 {[%emt 0:03:30]} 62. Rb7 {[%emt 0:00:34]} Rh1 {[%emt 0:01:38]} (62... Rb1 $142 63. Rc7 Kb2 64. Kd3 Rd1+ 65. Kc4 c2 66. Rb7+ Kc1 67. Kc3 Rh1 68. Rf7 Rh3+ 69. Kd4 Kb2 70. Rf2 Kb1 71. Rxc2 Kxc2 72. Ke4 Rh4+ 73. Kf5 Kd3 74. Ke6 Rd4 75. Kf5 Rd5+ 76. Kf6 Kd4 77. Ke6 Kc5 78. Ke7 Re5+ 79. Kf7 Kd6 80. Kf6 Rc5 81. Kf7 Rf5+ 82. Kg6 Ke6 83. Kg7 Rf6 84. Kg8 Rf7 85. Kh8 Kf5 86. Kg8 Kg6 87. Kh8 Rf8#) 63. Rc7 {[%emt 0:00:30]} Rh8 {[%emt 0:03:19]} 64. Re7 {[%emt 0:00:26]} Rd8 {[%emt 0:00:51]} 65. Ke1 {[%emt 0:00:31]} Kc1 {[%emt 0:00:24]} 66. Ke2 {[%emt 0:00:31]} c2 {[%emt 0:00:23]} 67. Rc7 {[%emt 0:00:34]} Re8+ {[%emt 0:01:29]} 68. Kd3 {[%emt 0:00:28]} Kd1 {[%emt 0:00:56]} 69. Kd4 {[%emt 0:01:01]} 0-1

[Event "TUR-chT Superleague 2018"]
[Site "Ankara"]
[Date "2018.07.29"]
[Round "6"]
[White "Ayan, Bengu Sena"]
[Black "Yorgun, Yaren Naz"]
[Result "1-0"]
[WhiteElo "1787"]
[BlackElo "1737"]
[Annotator "NA"]
[PlyCount "72"]
[EventDate "2018.07.25"]
[EventType "team-tourn"]
[EventCountry "TUR"]
[SourceTitle "playchess.com"]
[Source "ChessBase"]
[SourceQuality "1"]
[TimeControl "40/5400+30:1800+30"]

1. d4 d5 2. c4 e6 3. Nf3 Nf6 4. g3 {[%emt 0:08:00]} Be7 {[%emt 0:11:30]} 5. Bg2 {[%emt 0:00:30]} O-O {[%emt 0:00:30]} 6. Qc2 {[%emt 0:00:30]} b6 {[%emt 0:00:30]} 7. cxd5 {[%emt 0:00:30]} exd5 {[%emt 0:00:30]} 8. O-O {[%emt 0:00:30]} Re8 {[%emt 0:00:30]} 9. Bf4 {[%emt 0:00:30]} Bd6 {[%emt 0:01:30]} 10. Bxd6 {[%emt 0:08:30]} Qxd6 {[%emt 0:00:30]} 11. Nc3 {[%emt 0:00:30]} c6 {[%emt 0:05:30]} 12. Rfe1 {[%emt 0:03:30]} Nbd7 {[%emt 0:30:30]} 13. Nd2 {[%emt 0:10:30]} Bb7 {[%emt 0:03:30]} 14. Rad1 {[%emt 0:12:30]} Rac8 {[%emt 0:07:30]} 15. Qb1 {[%emt 0:06:30]} Qb8 {[%emt 0:05:30]} 16. b4 {[%emt 0:05:30]} Rcd8 {[%emt 0:06:30]} 17. Qb3 {[%emt 0:07:30]} Nf8 {[%emt 0:03:30]} 18. e4 {[%emt 0:06:30]} dxe4 {[%emt 0:00:30]} 19. Ndxe4 {[%emt 0:00:30]} Nxe4 {[%emt 0:02:53]} 20. Rxe4 {[%emt 0:04:30]} Rxe4 {[%emt 0:00:56]} 21. Bxe4 {[%emt 0:00:30]} Ne6 {[%emt 0:08:57]} 22. d5 {[%emt 0:03:55]} cxd5 {[%emt 0:00:10]} 23. Nxd5 {[%emt 0:03:14]} Kh8 {[%emt 0:04:20]} 24. Nc3 {[%emt 0:01:47]} Bxe4 {[%emt 0:05:21]} 25. Nxe4 {[%emt 0:01:14]} Rxd1+ {[%emt 0:01:26]} 26. Qxd1 {[%emt 0:00:03]} Qe8 {[%emt 0:00:24]} 27. Qd5 {[%emt 0:00:45]} Kg8 {[%emt 0:00:29]} 28. Qb7 {[%emt 0:02:46]} Nd8 {[%emt 0:00:29]} 29. Qc7 {[%emt 0:05:10]} h6 {[%emt 0:00:34]} 30. Nd6 {[%emt 0:00:30]} Qf8 {[%emt 0:00:00]} 31. Qd7 {[%emt 0:02:50]} Ne6 {[%emt 0:00:35]} 32. b5 {[%emt 0:01:03]} Nd8 {[%emt 0:00:49]} 33. Nc8 {[%emt 0:01:19]} Ne6 {[%emt 0:00:23]} 34. Nxa7 {[%emt 0:00:42]} Qa3 {[%emt 0:00:41]} 35. Qe8+ {[%emt 0:01:57]} Nf8 {[%emt 0:00:28]} 36. Nc8 {[%emt 0:00:27]} Qxa2 {[%emt 0:00:53]} 1-0

[Event "TUR-chT Superleague 2018"]
[Site "Ankara"]
[Date "2018.07.29"]
[Round "6"]
[White "Aydin, Gulenay"]
[Black "Balajayeva, Khanim"]
[Result "1/2-1/2"]
[WhiteElo "1732"]
[BlackElo "2332"]
[Annotator "NA"]
[PlyCount "77"]
[EventDate "2018.07.25"]
[EventType "team-tourn"]
[EventCountry "TUR"]
[SourceTitle "playchess.com"]
[Source "ChessBase"]
[SourceQuality "1"]
[TimeControl "40/5400+30:1800+30"]

1. e4 e5 2. Nf3 d6 {[%emt 0:16:30]} 3. d4 {[%emt 0:01:30]} exd4 {[%emt 0:00:30]} 4. Qxd4 {[%emt 0:00:30]} Nc6 {[%emt 0:00:30]} 5. Bb5 {[%emt 0:00:30]} Bd7 {[%emt 0:00:30]} 6. Bxc6 {[%emt 0:00:30]} Bxc6 {[%emt 0:00:30]} 7. Nc3 {[%emt 0:00:30]} Nf6 {[%emt 0:00:30]} 8. Bg5 {[%emt 0:00:30]} Be7 {[%emt 0:00:30]} 9. O-O-O {[%emt 0:00:30]} O-O {[%emt 0:00:30]} 10. e5 {[%emt 0:00:30]} Ne8 {[%emt 0:01:30]} 11. Bxe7 {[%emt 0:03:30]} Qxe7 {[%emt 0:00:00]} 12. Rhe1 {[%emt 0:05:30]} Bxf3 {[%emt 0:27:00]} 13. gxf3 {[%emt 0:00:30]} dxe5 {[%emt 0:00:30]} 14. Qxe5 {[%emt 0:03:30]} Qxe5 {[%emt 0:08:30]} 15. Rxe5 {[%emt 0:04:30]} f6 {[%emt 0:01:30]} 16. Re7 {[%emt 0:03:30]} Rf7 {[%emt 0:00:30]} 17. Rdd7 {[%emt 0:00:30]} Rxe7 {[%emt 0:00:30]} 18. Rxe7 {[%emt 0:00:30]} Rd8 {[%emt 0:00:00]} 19. Ne2 {[%emt 0:07:30]} Kf8 {[%emt 0:02:00]} 20. Re3 {[%emt 0:01:30]} Kf7 {[%emt 0:03:30]} 21. Nf4 {[%emt 0:02:30]} f5 {[%emt 0:03:30]} 22. Ne6 {[%emt 0:03:30]} Rc8 {[%emt 0:03:30]} 23. c3 {[%emt 0:02:30]} h6 {[%emt 0:00:30]} 24. b3 {[%emt 0:04:30]} Nf6 {[%emt 0:02:30]} 25. c4 {[%emt 0:02:30]} c6 {[%emt 0:05:30]} 26. Kd2 {[%emt 0:04:30]} Nd7 {[%emt 0:03:58]} 27. Ke2 {[%emt 0:04:30]} g6 {[%emt 0:02:10]} 28. Nf4 {[%emt 0:06:30]} a5 {[%emt 0:05:07]} 29. Nd3 {[%emt 0:02:30]} b6 {[%emt 0:07:15]} 30. Kd2 {[%emt 0:05:30]} Kf6 {[%emt 0:02:27]} 31. h4 {[%emt 0:02:30]} Rd8 {[%emt 0:01:22]} 32. Ke2 {[%emt 0:01:30]} Nc5 {[%emt 0:01:27]} 33. Nxc5 {[%emt 0:03:30]} bxc5 {[%emt 0:00:02]} 34. f4 {[%emt 0:00:30]} Rd4 {[%emt 0:02:05]} 35. Kf3 {[%emt 0:00:00]} Rd2 {[%emt 0:00:12]} 36. Re2 {[%emt 0:00:00]} Rd3+ {[%emt 0:00:00]} 37. Re3 {[%emt 0:01:30]} Rd2 {[%emt 0:00:00]} 38. Re2 {[%emt 0:00:30]} Rd3+ {[%emt 0:00:04]} 39. Re3 {[%emt 0:00:30]} 1/2-1/2

[Event "TUR-chT Superleague 2018"]
[Site "Ankara"]
[Date "2018.07.29"]
[Round "6"]
[White "Demirel, Ali Yagmur"]
[Black "Benidze, Davit"]
[Result "0-1"]
[WhiteElo "1719"]
[BlackElo "2487"]
[Annotator "TA"]
[PlyCount "44"]
[EventDate "2018.07.25"]
[EventType "team-tourn"]
[EventCountry "TUR"]
[SourceTitle "playchess.com"]
[Source "ChessBase"]
[SourceQuality "1"]

{[%evp 9,44,25,39,31,30,30,47,36,50,29,25,2,64,14,18,7,28,0,0,0,15,-14,-12,-168,-171,-263,-267,-241,-249,-706,-698,-735,-746,-729,-438,-855,-842]} 1. e4 g6 2. d4 Bg7 3. Nc3 d6 4. h3 a6 5. a4 Nf6 {LiveBook: 35 Games} 6. Nge2 {B06: Modern Defence} (6. Be3 Nc6 7. Nf3 O-O 8. Bc4 e6 9. d5 Nb4 10. O-O a5 11. Re1 e5 12. Qd2 Ne8 13. Ng5 h6 14. Nf3 Kh7 15. Nh2 Nf6 {0-1 (27) Golubka,P (2503)-Onischuk,V (2632) Batumi 2018}) 6... b6 7. g4 Bb7 8. Bg2 {White is slightly better.} O-O $146 ({Predecessor:} 8... Nfd7 9. O-O O-O 10. Be3 c6 11. f4 b5 12. axb5 axb5 13. Rxa8 Bxa8 {1-0 (26) Kudrin,S (2505)-Sarkar,J (2401) New Jersey 2015}) 9. O-O e5 10. Be3 Nc6 (10... exd4 $11 11. Bxd4 (11. Nxd4 Re8 $11) 11... Nc6) 11. f4 exd4 12. Nxd4 {And now e5 would win.} Na5 13. Qd3 c5 14. Nde2 $1 Re8 15. Ng3 d5 $1 $36 {[%cal Rd5d4][%mdl 2048] Threatens to win with ...d4. Black fights for an advantage.} 16. exd5 $2 {[#]} (16. e5 $1 $11 {and White has nothing to worry.} d4 17. Bxb7 Nxb7 18. Nce4 Nxe4 19. Qxe4) 16... Nxg4 $1 $19 {[%mdl 512]} 17. Bd2 (17. hxg4 {was worth a try.} Rxe3 18. Qxe3) 17... Bd4+ 18. Kh1 {[#]} Ne3 $1 19. Bf3 $2 (19. Rfe1 Nac4 20. Rab1) 19... Qh4 {Black is clearly winning.} 20. Kh2 Bc8 21. f5 Nxf5 22. Bg4 {[#]} (22. Nge4 $142 Nc4 23. Bg5 Be5+ 24. Kg1 Qxh3 25. Rf2) 22... Re3 $1 {[%mdl 512] Precision: White = 21%, Black = 69%.} 0-1

[Event "TUR-chT Superleague 2018"]
[Site "Ankara"]
[Date "2018.07.29"]
[Round "6"]
[White "Onbasi, Irem"]
[Black "Incecik, Seyma Zeynep"]
[Result "0-1"]
[WhiteElo "1427"]
[BlackElo "1673"]
[Annotator "NA"]
[PlyCount "82"]
[EventDate "2018.07.25"]
[EventType "team-tourn"]
[EventCountry "TUR"]
[SourceTitle "playchess.com"]
[Source "ChessBase"]
[SourceQuality "1"]
[TimeControl "40/5400+30:1800+30"]

1. d4 d6 2. c4 g6 3. Nc3 {[%emt 0:10:30]} Bg7 {[%emt 0:11:00]} 4. Nf3 {[%emt 0:00:30]} Nc6 {[%emt 0:00:30]} 5. h3 {[%emt 0:00:30]} Nf6 {[%emt 0:00:30]} 6. e4 {[%emt 0:00:30]} O-O {[%emt 0:00:30]} 7. Be3 {[%emt 0:00:30]} Nd7 {[%emt 0:00:30]} 8. Bd3 {[%emt 0:02:30]} e5 {[%emt 0:01:30]} 9. d5 {[%emt 0:03:30]} Nd4 {[%emt 0:14:30]} 10. Bxd4 {[%emt 0:09:30]} exd4 {[%emt 0:00:30]} 11. Ne2 {[%emt 0:00:00]} Re8 {[%emt 0:04:30]} 12. O-O {[%emt 0:09:00]} Nc5 {[%emt 0:01:30]} 13. Nexd4 {[%emt 0:13:30]} Nxe4 {[%emt 0:02:30]} 14. Qc2 {[%emt 0:03:30]} Ng5 {[%emt 0:06:30]} 15. Nxg5 {[%emt 0:08:30]} Qxg5 {[%emt 0:01:30]} 16. Nf3 {[%emt 0:00:00]} Qf6 {[%emt 0:00:30]} 17. Rfe1 {[%emt 0:04:00]} Bxh3 {[%emt 0:00:30]} 18. Rxe8+ {[%emt 0:12:30]} Rxe8 {[%emt 0:00:30]} 19. Qa4 {[%emt 0:01:12]} Ra8 {[%emt 0:02:30]} 20. Rb1 {[%emt 0:01:32]} Bg4 {[%emt 0:06:30]} 21. Nh2 {[%emt 0:07:39]} Bf5 {[%emt 0:05:30]} 22. Qc2 {[%emt 0:02:47]} Bd7 {[%emt 0:05:30]} 23. Re1 {[%emt 0:02:31]} Qxb2 {[%emt 0:03:30]} 24. Qxb2 {[%emt 0:00:30]} Bxb2 {[%emt 0:00:00]} 25. Rb1 {[%emt 0:00:52]} Bd4 {[%emt 0:00:00]} 26. Nf3 {[%emt 0:04:55]} Bb6 {[%emt 0:01:30]} 27. Nd2 {[%emt 0:00:53]} Kg7 {[%emt 0:03:30]} 28. Re1 {[%emt 0:01:01]} Re8 {[%emt 0:04:30]} 29. Rxe8 {[%emt 0:01:13]} Bxe8 {[%emt 0:00:30]} 30. Ne4 {[%emt 0:00:10]} Bd7 {[%emt 0:00:00]} 31. Kf1 {[%emt 0:00:35]} f5 {[%emt 0:01:00]} 32. Nc3 {[%emt 0:00:13]} Kf6 {[%emt 0:00:30]} 33. f4 {[%emt 0:00:52]} h6 {[%emt 0:01:30]} 34. g3 {[%emt 0:00:28]} Be8 {[%emt 0:03:30]} 35. Kg2 {[%emt 0:00:33]} g5 {[%emt 0:00:30]} 36. Kf3 {[%emt 0:00:31]} Bh5+ {[%emt 0:02:17]} 37. Kg2 {[%emt 0:00:04]} Be3 {[%emt 0:00:29]} 38. Be2 {[%emt 0:00:50]} Be8 {[%emt 0:01:41]} 39. Kf3 {[%emt 0:00:32]} Bd4 {[%emt 0:00:37]} 40. Nd1 {[%emt 0:00:00]} Bh5+ {[%emt 0:30:30]} 41. Kg2 {[%emt 0:01:37]} Bxe2 {[%emt 0:00:00]} 0-1

[Event "TUR-chT Superleague 2018"]
[Site "Ankara"]
[Date "2018.07.30"]
[Round "7"]
[White "Jakovenko, Dmitry"]
[Black "Rakhmanov, Aleksandr"]
[Result "1/2-1/2"]
[WhiteElo "2749"]
[BlackElo "2627"]
[Annotator "TA"]
[PlyCount "61"]
[EventDate "2018.07.25"]
[EventType "team-tourn"]
[EventCountry "TUR"]
[SourceTitle "playchess.com"]
[Source "ChessBase"]
[SourceQuality "1"]

{[%evp 10,61,30,36,51,47,63,47,57,29,54,33,35,6,6,0,15,16,28,23,26,20,33,33,42,25,39,0,0,-7,26,9,32,12,6,0,26,0,6,0,0,0,0,0,0,-2,0,0,0,0,11,8,20,0]} 1. e4 e5 2. Nf3 Nf6 3. Nxe5 d6 4. Nf3 Nxe4 5. Nc3 Nf6 6. d4 {LiveBook: 448 Games} g6 {C42: Petroff Defence: 3 Nxe5 and unusual White 3rd moves} (6... Be7 7. Bg5 O-O 8. Qd2 Bf5 9. O-O-O Nbd7 10. Qf4 Bg6 11. h4 Re8 12. g4 h6 13. Bxf6 Nxf6 14. h5 Bh7 {1-0 (24) Dominguez Perez,L (2739)-So,W (2788) Saint Louis 2017}) 7. Bg5 {[#] Qe2+ is the strong threat.} Bg7 8. Qe2+ Kf8 {White is slightly better.} 9. h3 $146 ({Predecessor:} 9. O-O-O h6 10. Bh4 Nbd7 11. h3 g5 12. Bg3 Nb6 13. h4 g4 14. Nd2 {0-1 (34) Keller,P (2304)-Junker,C (2016) Heusenstamm 2015}) 9... h6 10. Be3 (10. Bh4 {is more complex.} Nc6 11. O-O-O Ne7 12. Qd2 Nf5 13. Bd3) 10... a6 11. a4 Nc6 12. Qd2 Ne7 13. Bc4 b6 14. O-O Bb7 15. Qe2 Nf5 16. Rae1 Qd7 17. Bc1 Ne7 18. Bd3 Nc6 19. Na2 b5 20. axb5 axb5 21. Nc3 (21. Bxb5 $5 {[%cal Ra2b4]} Rxa2 {[#]} 22. d5 $1 $11 {[%mdl 512]}) 21... b4 22. Nd1 Re8 23. Ne3 Ne7 {The position is equal.} 24. Qd1 Kg8 25. Bd2 Rb8 $1 26. Bc4 Ned5 27. Nxd5 Bxd5 28. Bxd5 Nxd5 29. Qe2 Qc6 30. Qd3 Kh7 31. Qb3 {Precision: White = 40%, Black = 53%.} 1/2-1/2